Pohľady časopis Slovákov v Rakúsku
| Other Authors: | |
|---|---|
| Format: | Journal |
| Language: | Slovak German |
| PhysicalDescription: | zv. ilustr. 30 cm |
| Published: |
Wien
Rakúsko-slovenský kultúrny spolok Slovenská duchovná služba
Wien Rakúsko-slovenský kultúrny spolok |
| Subjects: | |
| Online Access: | http://www.slovaci.at |
MARC
| LEADER | 00000cas a2200000 a 4500 | ||
|---|---|---|---|
| 001 | vtls001306726 | ||
| 003 | SK-MaSNL | ||
| 005 | 20260228155640.0 | ||
| 008 | 971020c19919999au qr p 0 0b0slo c | ||
| 035 | |a SNK000258987 | ||
| 040 | |a SNK |b slo |c SNK |d SVKBB |e AACR2 | ||
| 041 | 1 | |a slo |a ger | |
| 044 | |a au |c AT | ||
| 072 | 7 | |a 316.3 |x Globálne spoločnosti. Sociálna štruktúra. Sociálne skupiny |2 konspekt | |
| 072 | 7 | |a 316 |x Sociológia |2 konspekt | |
| 072 | 7 | |a 316.7 |x Sociológia kultúry. Kultúrny život |2 konspekt | |
| 080 | |a 316.3 |2 2011 | ||
| 080 | |a 316.728 |2 2011 | ||
| 080 | |a 316.7 |2 2011 | ||
| 080 | |a a 314.15-026.49(051)+(054) |2 2011 | ||
| 245 | 0 | 0 | |a Pohľady |b časopis Slovákov v Rakúsku |
| 246 | 1 | 1 | |a Ansichten |b Zeitschrift der Slowakinnen in Österreich |
| 247 | 0 | 1 | |a Pohľady |b štvrťročník Slovákov v Rakúsku |
| 247 | 0 | 1 | |a Pohľady |b štvrťročník Rakúsko-slovenského kultúrneho spolku vo Viedni |
| 260 | |a Wien |b Rakúsko-slovenský kultúrny spolok |b Slovenská duchovná služba | ||
| 260 | 3 | |3 2018- |a Wien |b Rakúsko-slovenský kultúrny spolok | |
| 300 | |a zv. |b ilustr. |c 30 cm | ||
| 310 | |a 4x ročne |b 2021- | ||
| 321 | |a 2x ročne |b 2007-2011 | ||
| 321 | |a 4x ročne |b 1991-2006 | ||
| 321 | |a 3x ročne |b 2012-2020 | ||
| 546 | |a Text aj nem. | ||
| 650 | 0 | 7 | |a spoločnosť |2 SNKPH |9 1013 |
| 650 | 0 | 7 | |a Society |2 SNKPHeng |9 265080 |
| 650 | 0 | 7 | |a spoločenský život |2 SNKPH |9 28654 |
| 650 | 0 | 7 | |a Social life |2 SNKPHeng |9 265081 |
| 650 | 0 | 7 | |a kultúra |2 SNKPH |9 886 |
| 650 | 0 | 7 | |a Culture |2 SNKPHeng |9 265082 |
| 655 | 7 | |a krajanské periodiká |2 SNKPH |9 110004 | |
| 655 | 7 | |a Countries newspapers |2 SNKNBeng |9 265083 | |
| 700 | 1 | |a Žalneva, Ingrid |4 pbd |9 265084 | |
| 852 | |a Štátna vedecká knižnica v Banskej Bystrici | ||
| 856 | 4 | 1 | |u http://www.slovaci.at |
| 910 | |a snk | ||
| 999 | |c 62 |d 62 | ||
| 952 | |0 0 |1 0 |4 0 |7 0 |8 2 |a SNK |b SNK |d 2020-12-15 |i snk2020/22797 |l 0 |o snkČSB 4387/33/2018 |p 17A1433238 |r 2026-02-21 19:24:39 |t č. 1-3 |w 2026-02-21 |y PREZ | ||
| 952 | |0 0 |1 0 |4 0 |7 0 |8 2 |a SNK |b SNK |d 2020-12-15 |i snk2020/22801 |l 0 |o snkČSB 4387/33/2018 D1 |p 17A1433239 |r 2026-02-21 19:24:40 |t č. 1-3 |w 2026-02-21 |y PREZ | ||
| 952 | |0 0 |1 0 |4 0 |7 0 |8 2 |a SNK |b SNK |d 2020-12-09 |i snkČV 769/94 |l 0 |o snkČSB 4387/1993 D1 |p 17A1316285 |r 2026-02-21 19:24:41 |t č. febr., máj, sept. a dec. |w 2026-02-21 |y PREZ | ||
| 952 | |0 0 |1 0 |4 0 |7 0 |8 2 |a SNK |b SNK |d 2014-10-23 |i snk2014/22933 |l 0 |o snkČSB 4387/24/2009 D1 |p 17A0870392 |r 2026-02-21 19:45:21 |t č. 1-2, neúplné |w 2026-02-21 |y PREZ |z Chýba č. 1 | ||
| 952 | |0 0 |1 0 |4 0 |7 0 |8 2 |a SNK |b SNK |d 2023-05-10 |i snk2023/7424 |l 0 |o snkČSB 4387/35/2020 |p 17A1465942 |r 2026-02-21 19:49:09 |t č. 1-3 |w 2026-02-21 |y PREZ | ||
| 952 | |0 0 |1 0 |4 0 |7 0 |8 2 |a SNK |b SNK |d 2025-07-03 |i snk2025/10464 |l 0 |o snkČSB 4387/36/2021 |p 17A1557138 |r 2026-02-21 19:50:38 |t č. 1-4 |w 2026-02-21 |y PREZ | ||
| 952 | |0 0 |1 0 |4 0 |7 0 |8 2 |a SNK |b SNK |d 2025-07-03 |i snk2025/10465 |l 0 |o snkČSB 4387/37/2022 |p 17A1557139 |r 2026-02-21 19:50:38 |t č. 1-4 |w 2026-02-21 |y PREZ | ||
| 952 | |0 0 |1 0 |4 0 |7 0 |8 2 |a SNK |b SNK |d 2025-07-03 |i snk2025/10466 |l 0 |o snkČSB 4387/38/2023 |p 17A1557140 |r 2026-02-21 19:50:38 |t č. 1-4 |w 2026-02-21 |y PREZ | ||
| 952 | |0 0 |1 0 |4 0 |7 0 |a SNK |b SNK |d 1997-10-20 |l 0 |o snkČSB 4387/1993 |p 17A0104076 |r 2005-01-02 00:00:00 |t č. 1-4 |w 2026-02-21 |y PREZ | ||
| 952 | |0 0 |1 0 |4 0 |7 0 |8 2 |a SNK |b SNK |d 2012-03-15 |i snk2012/6373 |l 0 |o snkČSB 4387/25/2010 |p 17A0719267 |r 2026-02-21 20:17:42 |t č. 1-2 |w 2026-02-21 |y PREZ | ||
| 952 | |0 0 |1 0 |4 0 |7 0 |a SNK |b SNK |d 1997-10-20 |l 0 |o snkČSB 4387/9/1994 |p 17A0104135 |r 2005-01-02 00:00:00 |t č. 1-4 |w 2026-02-21 |y PREZ | ||
| 952 | |0 0 |1 0 |4 0 |7 0 |a SNK |b SNK |d 1997-10-20 |l 0 |o snkČSB 4387/1992 |p 17A0104060 |r 2005-01-02 00:00:00 |w 2026-02-21 |y PREZ | ||
| 952 | |0 0 |1 0 |4 0 |7 0 |8 2 |a SNK |b SNK |d 1997-10-20 |i snkČV 2527/94 |l 0 |o snkČSB 4387/1991 |p 17A0104056 |r 2005-01-02 00:00:00 |t č. 1-4, neúplné |w 2026-02-21 |y PREZ |z Chýba č. 3 | ||
| 952 | |0 0 |1 0 |4 0 |7 0 |8 2 |a SNK |b SNK |d 2011-11-04 |i snk2011/22221 |l 0 |o snkČSB 4387/23/2008 |p 17A0694788 |r 2026-02-21 20:39:50 |t č. 1-2 |w 2026-02-21 |y PREZ | ||
| 952 | |0 0 |1 0 |4 0 |7 0 |8 2 |a SNK |b SNK |d 2011-11-04 |i snk2011/22222 |l 0 |o snkČSB 4387/24/2009 |p 17A0694789 |r 2026-02-21 20:39:50 |t č. 1-2 |w 2026-02-21 |y PREZ | ||
| 952 | |0 0 |1 0 |4 0 |7 0 |8 2 |a SNK |b SNK |d 2008-05-27 |i snk2008/11286 |l 0 |o snkČSB 4387/16/2001 |p 17A0574508 |r 2026-02-21 21:12:13 |t č. 1-4 |w 2026-02-21 |y PREZ | ||
| 952 | |0 0 |1 0 |4 0 |7 0 |8 2 |a SNK |b SNK |d 2008-05-27 |i snk2008/11287 |l 0 |o snkČSB 4387/16/2001 D1 |p 17A0574509 |r 2026-02-21 21:12:13 |t č. 1-4 |w 2026-02-21 |y PREZ | ||
| 952 | |0 0 |1 0 |4 0 |7 0 |8 2 |a SNK |b SNK |d 2008-05-27 |i snk2008/11289 |l 0 |o snkČSB 4387/17/2002 |p 17A0574510 |r 2026-02-21 21:12:13 |t č. 1-4 |w 2026-02-21 |y PREZ | ||
| 952 | |0 0 |1 0 |4 0 |7 0 |8 2 |a SNK |b SNK |d 2008-05-27 |i snk2008/11291 |l 0 |o snkČSB 4387/17/2002 D1 |p 17A0574511 |r 2026-02-21 21:12:14 |t č. 1-4, neúplné |w 2026-02-21 |y PREZ |z Chýba č. 1,3 | ||
| 952 | |0 0 |1 0 |4 0 |7 0 |8 2 |a SNK |b SNK |d 2008-05-27 |i snk2008/11293 |l 0 |o snkČSB 4387/18/2003 |p 17A0574512 |r 2026-02-21 21:12:14 |t č. 1-4 |w 2026-02-21 |y PREZ | ||
| 952 | |0 0 |1 0 |4 0 |7 0 |8 2 |a SNK |b SNK |d 2008-05-29 |i snk2008/11463 |l 0 |o snkČSB 4387/19/2004 |p 17A0582970 |r 2026-02-21 21:12:14 |t č. 1-4 |w 2026-02-21 |y PREZ | ||
| 952 | |0 0 |1 0 |4 0 |7 0 |8 2 |a SNK |b SNK |d 2008-05-29 |i snk2008/11464 |l 0 |o snkČSB 4387/20/2005 |p 17A0582971 |r 2026-02-21 21:12:14 |t č. 1-4 |w 2026-02-21 |y PREZ | ||
| 952 | |0 0 |1 0 |4 0 |7 0 |8 2 |a SNK |b SNK |d 2008-05-29 |i snk2008/11466 |l 0 |o snkČSB 4387/21/2006 |p 17A0582972 |r 2026-02-21 21:12:14 |t č. 1-4 |w 2026-02-21 |y PREZ | ||
| 952 | |0 0 |1 0 |4 0 |7 0 |8 2 |a SNK |b SNK |d 2008-05-29 |i snk2008/11468 |l 0 |o snkČSB 4387/21/2006 D1 |p 17A0582973 |r 2026-02-21 21:12:14 |t č. 1-4 |w 2026-02-21 |y PREZ | ||
| 952 | |0 0 |1 0 |4 0 |7 0 |8 2 |a SNK |b SNK |d 2008-05-27 |i snk2008/11296 |l 0 |o snkČSB 4387/18/2003 D1 |p 17A0574513 |r 2026-02-21 21:12:28 |t č. 1,4, neúplné |w 2026-02-21 |y PREZ |z Chýba č. 2,3 | ||
| 952 | |0 0 |1 0 |4 0 |7 0 |8 2 |a SNK |b SNK |d 2014-07-30 |i snk2014/16299 |l 0 |o snkČSB 4387/26/2011 |p 17A0869718 |r 2026-02-21 21:33:19 |t č. 1-2 |w 2026-02-21 |y PREZ | ||
| 952 | |0 0 |1 0 |4 0 |7 0 |8 2 |a SNK |b SNK |d 2014-07-30 |i snk2014/16302 |l 0 |o snkČSB 4387/27/2012 |p 17A0869719 |r 2026-02-21 21:33:19 |t č. 1-3 |w 2026-02-21 |y PREZ | ||
| 952 | |0 0 |1 0 |4 0 |7 0 |8 2 |a SNK |b SNK |d 2014-07-30 |i snk2014/16303 |l 0 |o snkČSB 4387/27/2012 D1 |p 17A0869720 |r 2026-02-21 21:33:19 |t č. 1-3, neúplné |w 2026-02-21 |y PREZ |z chýba č. 1, 3 | ||
| 952 | |0 0 |1 0 |4 0 |7 0 |8 2 |a SNK |b SNK |d 2009-12-01 |i snk2009/21577 |l 0 |o snkČSB 4387/22/2007 |p 17A0609850 |r 2026-02-21 21:41:44 |t č. 1-2 |w 2026-02-21 |y PREZ | ||
| 952 | |0 0 |1 0 |4 0 |7 0 |8 2 |a SNK |b SNK |d 2019-03-22 |i snk2019/7970 |l 0 |o snkČSB 4387/31/2016 |p 17A1365462 |r 2026-02-21 21:50:51 |t č. 1-3 |w 2026-02-21 |y PREZ | ||
| 952 | |0 0 |1 0 |4 0 |7 0 |8 1 |a SNK |b SNK |d 2016-01-08 |i snk2016/182 |l 0 |o snkČSB 4387/19/2004 D1 |p 17A1097131 |r 2026-02-21 21:53:36 |t č. 1-4, neúplné |w 2026-02-21 |y PREZ |z Chýba č. 1-2,4 | ||
| 952 | |0 0 |1 0 |4 0 |7 0 |8 1 |a SNK |b SNK |d 2016-01-08 |i snk2016/185 |l 0 |o snkČSB 4387/20/2005 D1 |p 17A1097130 |r 2026-02-21 21:53:36 |t č. 1-4, neúplné |w 2026-02-21 |y PREZ |z Chýba č. 1-2 | ||
| 952 | |0 0 |1 0 |4 0 |7 0 |8 2 |a SNK |b SNK |d 2016-01-27 |i snk2016/2079 |l 0 |o snkČSB 4387/28/2013 |p 17A1097817 |r 2026-02-21 21:53:52 |t č. 1-3 |w 2026-02-21 |y PREZ | ||
| 952 | |0 0 |1 0 |4 0 |7 0 |8 2 |a SNK |b SNK |d 2017-04-05 |i snk2017/8300 |l 0 |o snkČSB 4387/29/2014 D1 |p 17A1205826 |r 2026-02-21 21:55:20 |t č. 1-3 |w 2026-02-21 |y PREZ | ||
| 952 | |0 0 |1 0 |4 0 |7 0 |8 2 |a SNK |b SNK |d 2018-04-03 |i snk2018/7545 |l 0 |o snkČSB 4387/30/2015 |p 17A1268296 |r 2026-02-21 21:56:59 |t č. 1-3 |w 2026-02-21 |y PREZ | ||
| 952 | |0 0 |1 0 |4 0 |7 0 |8 2 |a SNK |b SNK |d 2018-04-03 |i snk2018/7546 |l 0 |o snkČSB 4387/30/2015 D1 |p 17A1268297 |r 2026-02-21 21:56:59 |t č. 1-3 |w 2026-02-21 |y PREZ | ||
| 952 | |0 0 |1 0 |4 0 |7 0 |8 2 |a SNK |b SNK |d 2020-06-19 |i snk2020/10813 |l 0 |o snkČSB 4387/32/2017 |p 17A1388463 |r 2026-02-21 22:01:48 |t č. 1-3 |w 2026-02-21 |y PREZ | ||
| 952 | |0 0 |1 0 |4 0 |7 0 |8 1 |a SNK |b SNK |d 2020-06-19 |i snk2020/10815 |l 0 |o snkČSB 4387/32/2017 D1 |p 17A1388464 |r 2026-02-21 22:01:48 |t č. 1-3 |w 2026-02-21 |y PREZ | ||
| 952 | |0 0 |1 0 |4 0 |7 0 |8 2 |a SNK |b SNK |d 2017-04-05 |i snk2017/8299 |l 0 |o snkČSB 4387/29/2014 |p 17A1205825 |r 2026-02-21 22:04:23 |t č. 1-3 |w 2026-02-21 |y PREZ | ||
| 952 | |0 0 |1 0 |4 0 |7 0 |8 2 |a SNK |b SNK |d 2018-05-11 |i snkČV 2528/94 |l 0 |o snkČSB 4387/1991 D1 |p 17A1325538 |r 2026-02-21 22:05:18 |t č. 1-4, neúplné |w 2026-02-21 |y PREZ |z Chýba č. 1-3 | ||
| 952 | |0 0 |1 0 |4 0 |7 0 |8 1 |a SNK |b SNK |d 2016-11-24 |i snk2016/27255 |l 0 |o snkČSB 4387/22/2007 D1 |p 17A1203724 |r 2026-02-21 22:24:33 |t č. 1-2 |w 2026-02-21 |y PREZ | ||


